000 00990nam a22003137a 4500
001 BR2012001477
003 BR-BrBNA
005 20230928103905.0
007 ta
008 230509b bl.||||| |||| 00| 0 por d
040 _aBR-BrBNA
_bpor
_cBiblioteca Nacional de Agricultura
041 _a(Por)
072 _aL70
_b5240
090 _ 5240 BR2012001477
100 1 _aAraujo, D.K.G. de
110 1 _aUniversidade Federal de Minas Gerais, Belo Horizonte (Brasil). Escola de Veterinária
_0Tese (Mestre em Medicina Veterinária)
245 1 _aAvaliação de técnicas cirúrgicas para cistostomia em ovinos com obstrução uretral induzida
260 3 _aBelo Horizonte, MG (Brasil):
_c2011.
300 _a74 p.
500 _aSummaries (Eng, Por); Bibliography p. 70-73; 53 illus.
650 _aOVINO
650 _aURETRA
650 _aCIRURGIA
650 _aLAPAROTOMIA
650 _aULTRA-SOM
650 _aMÉTODO
909 _a202309
_bLucia
_c55
_dLucia Elande
942 _cBK
999 _c77108
_d77108